[Event "World Rapid 2017"]
[Site "Riyadh KSA"]
[Date "2017.12.28"]
[Round "15.27"]
[White "Almasi, Zoltan"]
[Black "Ponkratov, Pavel"]
[Result "1/2-1/2"]
[WhiteTitle "GM"]
[BlackTitle "GM"]
[WhiteElo "2682"]
[BlackElo "2613"]
[WhiteFideId "702293"]
[BlackFideId "4157800"]
[EventDate "2017.12.26"]

1. Nf3 c5 2. c4 Nc6 3. Nc3 g6 4. g3 Bg7 5. Bg2 e6 6. O-O Nge7 7. d3 O-O 8. Bg5
h6 9. Bd2 b6 10. a3 Bb7 11. Rb1 a5 12. Nb5 d5 13. Qc1 Kh7 14. Rd1 Qd7 15. e3
Rac8 16. Qc2 e5 17. cxd5 Nxd5 18. Nc3 Nd4 19. exd4 cxd4 20. Qb3 dxc3 21. bxc3
Bc6 22. Re1 Ba4 23. Qxd5 Qxd5 24. Ng5+ hxg5 25. Bxd5 Bc6 26. Bc4 Rb8 27. Bxg5 f6
28. Be3 b5 29. Bb3 f5 30. c4 b4 31. axb4 axb4 32. Bc5 Rfd8 33. Bc2 e4 34. d4
Bxd4 35. Bxb4 Ra8 36. Bb3 g5 37. Be7 Rg8 38. Red1 Be5 39. c5 Rg6 40. Bd5 Ra7 41.
Bxc6 Rxe7 42. Bd7 Rf6 43. c6 f4 44. Rb7 Kg7 45. Rd5 e3 46. fxe3 fxe3 47. Bg4
Rff7 48. Rxe7 Rxe7 49. Kf1 Kf6 50. Ke2 Bc7 51. Rf5+ Kg6 52. Rb5 Kf6 53. Bd7 Rh7
54. h3 Bxg3 55. Kxe3 Re7+ 56. Kf3 Bf4 57. Rf5+ Kg6 58. Rc5 Bc7 59. Rb5 Bf4 60.
Rb3 Re1 61. Rc3 Bc7 62. Bg4 Kf6 63. Rb3 Rc1 64. Bd7 Rc4 65. Rb7 Be5 66. Rb5 Bc7
67. Ke3 Rc1 68. Kd3 Be5 69. Ra5 Bc7 70. Ra7 Be5 71. Ra8 Bc7 72. Re8 Bf4 73. Kd4
Bc7 74. Re6+ Kf7 75. Re2 Kf6 76. Rf2+ Ke7 77. Rf5 Bb6+ 78. Kd3 Rc5 79. Rf1 Kd6
80. Rf7 Rd5+ 81. Kc4 Rc5+ 82. Kd3 Rd5+ 83. Ke4 Rd4+ 84. Kf3 Rf4+ 85. Rxf4 gxf4 1/2-1/2

[Event "World Rapid 2017"]
[Site "Riyadh KSA"]
[Date "2017.12.28"]
[Round "15.28"]
[White "Leko, Peter"]
[Black "Ganguly, Surya Shekhar"]
[Result "1/2-1/2"]
[WhiteTitle "GM"]
[BlackTitle "GM"]
[WhiteElo "2691"]
[BlackElo "2650"]
[WhiteFideId "703303"]
[BlackFideId "5002150"]
[EventDate "2017.12.26"]

1. Nf3 d5 2. g3 c5 3. Bg2 Nc6 4. d4 e6 5. O-O Nf6 6. c4 dxc4 7. Na3 cxd4 8. Nxc4
Bc5 9. Bf4 O-O 10. Rc1 Nd5 11. Nce5 Nxf4 12. Nxc6 bxc6 13. gxf4 Bb6 14. Ne5 Bb7
15. Bxc6 Bxc6 16. Rxc6 Qd5 17. Qb3 Qxb3 18. axb3 Rfc8 19. Rfc1 Rxc6 20. Rxc6 Kf8
21. Nd7+ Ke7 22. Nxb6 axb6 23. Rxb6 Ra2 24. Rb7+ Kf6 25. Kg2 Rxb2 26. Kf3 Kg6
27. b4 f5 28. b5 Rb3+ 29. e3 d3 30. b6 Rb1 31. Rd7 Rxb6 32. Rxd3 1/2-1/2

[Event "World Rapid 2017"]
[Site "Riyadh KSA"]
[Date "2017.12.28"]
[Round "15.29"]
[White "Howell, David W L"]
[Black "Demchenko, Anton"]
[Result "1/2-1/2"]
[WhiteTitle "GM"]
[BlackTitle "GM"]
[WhiteElo "2676"]
[BlackElo "2660"]
[WhiteFideId "410608"]
[BlackFideId "4160258"]
[EventDate "2017.12.26"]

1. d4 Nf6 2. Nf3 g6 3. Bf4 Bg7 4. e3 d6 5. h3 O-O 6. Be2 b6 7. a4 a6 8. O-O Bb7
9. Nbd2 Nbd7 10. Bh2 Ne4 11. Nxe4 Bxe4 12. c3 e5 13. Nd2 Bb7 14. Bf3 Qc8 15. Qb3
Rb8 16. Rfd1 Re8 17. Qa2 Bxf3 18. Nxf3 Qb7 19. Rac1 Re7 20. Rc2 Rbe8 21. b4 exd4
22. cxd4 Nf6 23. b5 axb5 24. axb5 Ra8 25. Qc4 Qd5 26. Nd2 Ra5 27. Rb1 Qa8 28.
Bg3 h6 29. Qf1 Qd5 30. Qc4 Qa8 31. Qf1 Qd5 32. Qc4 Qa8 33. Qf1 1/2-1/2

[Event "World Rapid 2017"]
[Site "Riyadh KSA"]
[Date "2017.12.28"]
[Round "15.30"]
[White "Volokitin, Andrei"]
[Black "Fressinet, Laurent"]
[Result "1/2-1/2"]
[WhiteTitle "GM"]
[BlackTitle "GM"]
[WhiteElo "2628"]
[BlackElo "2662"]
[WhiteFideId "14107090"]
[BlackFideId "608742"]
[EventDate "2017.12.26"]

1. e4 e5 2. Nf3 Nc6 3. Bb5 a6 4. Ba4 Nf6 5. O-O Be7 6. d3 b5 7. Bb3 d6 8. a4 Bd7
9. c3 Na5 10. Bc2 c5 11. d4 Qb8 12. Bg5 h6 13. Bxf6 Bxf6 14. axb5 axb5 15. dxc5
dxc5 16. Qd5 Qc8 17. b4 Be6 18. Qxc5 Qxc5 19. bxc5 O-O 20. Nbd2 Nb7 21. Rxa8
Rxa8 22. c6 Nc5 23. Rb1 Rc8 24. Rxb5 Rxc6 25. c4 g5 26. h3 h5 27. Nb3 Nxb3 28.
Bxb3 Bxc4 29. Bxc4 Rxc4 30. Nxe5 1/2-1/2

[Event "World Rapid 2017"]
[Site "Riyadh KSA"]
[Date "2017.12.28"]
[Round "15.31"]
[White "Kravtsiv, Martyn"]
[Black "Salgado Lopez, Ivan"]
[Result "1-0"]
[WhiteTitle "GM"]
[BlackTitle "GM"]
[WhiteElo "2672"]
[BlackElo "2644"]
[WhiteFideId "14113147"]
[BlackFideId "2257327"]
[EventDate "2017.12.26"]

1. e4 e5 2. Nf3 Nf6 3. Nxe5 d6 4. Nf3 Nxe4 5. Nc3 Nxc3 6. dxc3 Be7 7. Be3 O-O 8.
Qd2 Nd7 9. O-O-O c6 10. Kb1 d5 11. h3 Nc5 12. c4 Be6 13. Nd4 Ne4 14. Qe1 Bf6 15.
Nxe6 fxe6 16. Bd3 Nd6 17. h4 Qe7 18. c5 Nf5 19. g4 Nxe3 20. Qxe3 Qd7 21. g5 Be7
22. h5 Bd8 23. Rde1 Bc7 24. g6 h6 25. Qxe6+ Qxe6 26. Rxe6 Rfe8 27. Bf5 Bf4 28.
a4 Bg5 29. a5 Kf8 30. Rh3 Rxe6 31. Bxe6 Re8 32. Bg4 Re1+ 33. Ka2 Re4 34. Bc8 Rc4
35. Rb3 Rxc5 36. Rxb7 Rxa5+ 37. Kb1 Bf6 38. Rf7+ Ke8 39. Bd7+ Kd8 40. Be6 1-0

[Event "World Rapid 2017"]
[Site "Riyadh KSA"]
[Date "2017.12.28"]
[Round "15.32"]
[White "Miton, Kamil"]
[Black "Riazantsev, Alexander"]
[Result "0-1"]
[WhiteTitle "GM"]
[BlackTitle "GM"]
[WhiteElo "2584"]
[BlackElo "2650"]
[WhiteFideId "1111914"]
[BlackFideId "4125029"]
[EventDate "2017.12.26"]

1. e4 c6 2. d4 d5 3. Nc3 dxe4 4. Nxe4 Bf5 5. Ng3 Bg6 6. h4 h6 7. Nf3 Nd7 8. h5
Bh7 9. Bd3 Bxd3 10. Qxd3 e6 11. Bd2 Ngf6 12. O-O-O Bd6 13. Ne4 Nxe4 14. Qxe4 Nf6
15. Qe2 Bc7 16. c4 b5 17. cxb5 Qd5 18. Kb1 cxb5 19. Bb4 Qe4+ 20. Qxe4 Nxe4 21.
Rhe1 Nxf2 22. Rd2 Ng4 23. d5 O-O-O 24. dxe6 fxe6 25. Rxe6 Nf6 26. Re7 Nd5 27.
Re4 a5 28. Bc5 Nf6 29. Re7 Rxd2 30. Nxd2 Rd8 31. Nf3 Rd7 32. Nd4 b4 33. Ne6 Rxe7
34. Bxe7 Nxh5 35. Bf8 Be5 36. g4 Nf6 37. g5 hxg5 38. Nxg5 Nd7 39. Be7 Nb8 40.
Bc5 Kd7 41. Kc2 Kc6 42. Be3 Kd5 43. a3 bxa3 44. bxa3 a4 45. Nf3 Bf6 46. Bd2 Nc6
47. Ne1 Kc4 48. Be3 Nd4+ 49. Bxd4 Bxd4 50. Nf3 Bf6 51. Kd2 Kb3 52. Kd3 Kxa3 0-1

[Event "World Rapid 2017"]
[Site "Riyadh KSA"]
[Date "2017.12.28"]
[Round "15.33"]
[White "Potkin, Vladimir"]
[Black "Short, Nigel D"]
[Result "1-0"]
[WhiteTitle "GM"]
[BlackTitle "GM"]
[WhiteElo "2574"]
[BlackElo "2678"]
[WhiteFideId "4131061"]
[BlackFideId "400025"]
[EventDate "2017.12.26"]

1. d4 Nf6 2. c4 e6 3. Nf3 d5 4. Nc3 a6 5. cxd5 exd5 6. Bg5 Be7 7. e3 O-O 8. Bd3
Be6 9. Ne5 Nfd7 10. Qh5 f5 11. Bxe7 Qxe7 12. f4 c5 13. O-O-O Nxe5 14. fxe5 Nc6
15. Bc2 Rac8 16. Kb1 Nb4 17. Rhf1 g6 18. Qf3 b5 19. Rf2 f4 20. exf4 Nxc2 21.
Rxc2 Bf5 22. Qxd5+ Kh8 23. Ne4 Rfd8 24. Nd6 Bxc2+ 25. Kxc2 cxd4+ 26. Kb1 Qc7 27.
Qe4 Rb8 28. Qxd4 Kg8 29. Qd5+ Kf8 30. g4 Rbc8 31. a3 Qc2+ 32. Ka2 Rc7 33. Rd2
Qc6 34. Qe6 Rb8 35. Qf6+ Kg8 36. Qe6+ Kf8 37. Qd5 b4 38. Qxc6 b3+ 39. Kb1 Rxc6
40. Rd3 Rc5 41. Re3 Rd5 42. Kc1 Rb6 43. Rc3 g5 44. fxg5 Rxe5 45. Nc4 Re1+ 46.
Kd2 Rbe6 47. Rxb3 R1e2+ 48. Kd3 Rxh2 49. Rb7 Rg6 50. Rb8+ Ke7 51. Rb7+ Ke6 52.
Rb6+ Kd5 53. Ne3+ Ke5 54. Rb7 Rh3 55. Ke2 Re6 56. Kf2 Kf4 57. Rf7+ Kxg5 58. Rf5+
Kg6 59. Nd5 Kg7 60. Nf4 Ree3 61. Nxh3 Rxh3 62. Ra5 Rb3 63. Rxa6 Rxb2+ 64. Kg3
Rc2 65. a4 Rc4 66. Kh4 Rd4 67. Kg5 Rd5+ 68. Kf4 Rc5 69. a5 Rb5 70. Ra8 Rc5 71.
Ke4 Rg5 72. Kf4 Rc5 73. Ra6 Rb5 74. Kg3 Rc5 75. Kh4 Rd5 76. g5 Rd4+ 77. Kh5 Ra4
78. Ra7+ Kg8 79. a6 Ra3 80. Ra8+ Kg7 81. Ra7+ Kg8 82. Kg4 Ra5 83. Kf4 Kh8 84.
Ke4 Kg8 85. Kd4 Kh8 86. Kc4 Kg8 87. Kb4 Ra1 88. Kb5 Rb1+ 89. Kc6 Ra1 90. Kd6 Ra5
91. Kc6 Ra1 92. Kb6 Rb1+ 93. Kc7 Ra1 94. Kb7 Kg7 95. Ra8 Rb1+ 96. Kc6 Rc1+ 97.
Kb7 Rb1+ 98. Ka7 Rb5 99. Rb8 Rxg5 100. Rb6 Rf5 101. Rc6 h5 102. Kb6 h4 103. a7
Rf8 104. Kb7 Rf7+ 1-0

[Event "World Rapid 2017"]
[Site "Riyadh KSA"]
[Date "2017.12.28"]
[Round "15.34"]
[White "Eljanov, Pavel"]
[Black "Amonatov, Farrukh"]
[Result "0-1"]
[WhiteTitle "GM"]
[BlackTitle "GM"]
[WhiteElo "2711"]
[BlackElo "2636"]
[WhiteFideId "14102951"]
[BlackFideId "14700077"]
[EventDate "2017.12.26"]

1. c4 Nf6 2. Nc3 g6 3. g3 Bg7 4. Bg2 O-O 5. e4 c5 6. Nge2 Nc6 7. d3 d6 8. O-O a6
9. Rb1 Rb8 10. a4 Ne8 11. Be3 Nc7 12. d4 cxd4 13. Nxd4 Ne6 14. Nde2 Nc5 15. b4
Nd7 16. f4 a5 17. b5 Nb4 18. Nd5 Nc5 19. Nxb4 axb4 20. Rxb4 Qa5 21. Bd2 f5 22.
e5 dxe5 23. Bc3 Rd8 24. Rb1 Rxd1 25. Bxa5 Rxf1+ 26. Bxf1 exf4 27. gxf4 Nxa4 28.
Bb4 Be6 29. Bxe7 Bxc4 30. Rb4 Nb6 31. Bc5 Bf8 32. Bxf8 Kxf8 33. Kf2 Ra8 34. Rb2
Ke7 35. h4 Kd6 36. Bg2 Bd5 37. Rd2 Kc5 38. Rc2+ Nc4 39. Bxd5 Kxd5 40. h5 Kc5 41.
hxg6 hxg6 42. Rc1 Ra2 43. Rg1 Kxb5 44. Rxg6 Kc5 45. Rf6 Nd6 46. Kf1 b5 47. Rf8
b4 48. Rb8 Kc4 49. Ke1 b3 50. Nc1 Ra1 51. Kd1 Nb5 52. Rc8+ Kd5 53. Rb8 0-1

[Event "World Rapid 2017"]
[Site "Riyadh KSA"]
[Date "2017.12.28"]
[Round "15.35"]
[White "Jumabayev, Rinat"]
[Black "Bacrot, Etienne"]
[Result "1/2-1/2"]
[WhiteTitle "GM"]
[BlackTitle "GM"]
[WhiteElo "2612"]
[BlackElo "2725"]
[WhiteFideId "13702661"]
[BlackFideId "605506"]
[EventDate "2017.12.26"]

1. d4 d5 2. c4 e6 3. Nf3 Nf6 4. Nc3 Be7 5. Bg5 h6 6. Bh4 O-O 7. Rc1 Nbd7 8. e3
c6 9. Bd3 dxc4 10. Bxc4 Nd5 11. Bg3 b6 12. O-O Bb7 13. Qe2 c5 14. Nxd5 exd5 15.
Ba6 Qc8 16. Bxb7 Qxb7 17. dxc5 bxc5 18. Rfd1 Rfd8 19. Rc2 Rac8 20. h3 a6 21. Nh4
Nf6 22. Nf5 Bf8 23. Bh4 g5 24. Bg3 Qd7 25. Qf3 Qe6 26. Bh2 h5 27. Ng3 h4 28. Nf1
Bg7 29. Qe2 d4 30. exd4 Qxe2 31. Rxe2 Rxd4 32. Rde1 Nd5 33. Be5 Nf4 34. Bxf4
Rxf4 35. Nh2 c4 36. Nf3 Bf6 37. Rc2 Kh7 38. Kf1 g4 39. hxg4 Rxg4 40. Nd2 c3 41.
bxc3 Rxc3 42. Rxc3 Bxc3 43. Re4 Rxe4 44. Nxe4 Bd4 45. Ke2 Kg6 46. Nd6 Bc5 47.
Ne4 Ba7 48. Nc3 Kf5 49. Nd5 Ke4 50. Nc7 a5 51. Nb5 Bc5 52. f3+ Kf4 53. Nc3 f5
54. Nd5+ Kg3 55. Kf1 h3 56. gxh3 Kxf3 57. Nc7 Bb6 58. Ne6 Kg3 59. Ke2 f4 60. Ng5
Bd8 61. Ne4+ Kg2 62. Nd2 Be7 63. a4 Bb4 64. Nf3 Kxh3 65. Kd3 Kg3 66. Ke2 Bc3 67.
Ng1 Kg4 68. Kd3 Bb4 69. Ke4 Bd6 70. Nf3 Kg3 71. Nd4 Bc7 72. Nf3 Kf2 73. Nd4 Kg2
74. Nf3 Bb8 75. Nd4 Ba7 76. Nf3 Kg3 77. Ne5 Bb6 78. Nf3 Bc5 79. Ne5 Bb4 80. Nf3
Bc3 81. Ng5 1/2-1/2

[Event "World Rapid 2017"]
[Site "Riyadh KSA"]
[Date "2017.12.28"]
[Round "15.36"]
[White "Meier, Georg"]
[Black "Bortnyk, Olexandr"]
[Result "1-0"]
[WhiteTitle "GM"]
[BlackTitle "GM"]
[WhiteElo "2650"]
[BlackElo "2610"]
[WhiteFideId "4675789"]
[BlackFideId "14120828"]
[EventDate "2017.12.26"]

1. Nf3 Nf6 2. g3 b6 3. Bg2 Bb7 4. O-O g6 5. b3 Bg7 6. Bb2 O-O 7. c4 e6 8. d4 d5
9. Nbd2 Nbd7 10. Rc1 Re8 11. b4 a5 12. b5 a4 13. Ba3 Ne4 14. e3 f5 15. Qc2 dxc4
16. Nxc4 Bd5 17. Rfd1 Ra7 18. Ne1 Qa8 19. Qe2 g5 20. f3 Nef6 21. Ne5 Nb8 22.
N1d3 g4 23. fxg4 Bxg2 24. Qxg2 Qxg2+ 25. Kxg2 fxg4 26. Kf2 Ra5 27. Rb1 Ne4+ 28.
Ke1 Nc3 29. Bb4 Nxd1 30. Bxa5 Nxe3 31. Bc3 Rd8 32. Ke2 Nd5 33. Bd2 Nd7 34. Nc6
Re8 35. Rc1 N7f6 36. Nf2 h5 37. Rc4 Ra8 38. Kd3 Ne8 39. Ne4 Bf8 40. Rc1 Nd6 41.
Ng5 Re8 42. Re1 Nxb5 43. Nxe6 Nf6 44. Bg5 Nd7 45. Kc4 Nd6+ 46. Kd5 b5 47. Ncd8
Nf7 48. Nxf7 Kxf7 49. Nd8+ Rxd8 50. Bxd8 Bd6 51. Kc6 Nf8 52. d5 Ng6 53. Bxc7 Bb4
54. Rf1+ Ke8 55. Kxb5 Bd2 56. Kxa4 Ne7 57. Rd1 Nxd5 58. Rxd2 Nxc7 59. Kb4 1-0

[Event "World Rapid 2017"]
[Site "Riyadh KSA"]
[Date "2017.12.28"]
[Round "15.37"]
[White "Kovalev, Vladislav"]
[Black "Malakhov, Vladimir"]
[Result "1/2-1/2"]
[WhiteTitle "GM"]
[BlackTitle "GM"]
[WhiteElo "2639"]
[BlackElo "2686"]
[WhiteFideId "13504398"]
[BlackFideId "4120787"]
[EventDate "2017.12.26"]

1. e4 e5 2. Nf3 Nc6 3. Bc4 Bc5 4. c3 Nf6 5. d4 exd4 6. e5 d5 7. Bb5 Ne4 8. cxd4
Bb6 9. Nc3 O-O 10. Be3 Bg4 11. h3 Bh5 12. Qc2 Bg6 13. Qb3 Ne7 14. O-O c6 15. Bd3
Nd2 16. Nxd2 Bxd3 17. Rfe1 Nf5 18. Na4 Be4 19. Nxb6 axb6 20. f3 Nxe3 21. fxe4
Nxg2 22. Qg3 Nh4 23. exd5 cxd5 24. a3 Re8 25. Rf1 Re6 26. Kh1 Rc8 27. Rac1 Rxc1
28. Rxc1 h6 29. Nb1 Nf5 30. Qf4 Qg5 31. Qxg5 hxg5 32. Rc8+ Kh7 33. Rc7 Re7 34.
Rxe7 Nxe7 35. Nc3 Kg6 36. Kg2 Kf5 37. Kf3 f6 38. Nb5 Ke6 39. exf6 gxf6 40. Kg4
Kd7 41. Kh5 Kc6 42. Na7+ Kd6 43. Nb5+ Kd7 44. Kg4 Ke6 45. Nc7+ Kf7 46. Kh5 Kf8
47. b4 Kf7 48. b5 Nf5 49. Nxd5 Nxd4 50. a4 Ne2 51. Nxb6 Nc3 52. h4 gxh4 53. Kxh4
Ke6 54. Kg4 Kd6 55. Kf5 Kc5 56. Nd7+ Kb4 57. Kxf6 Nxa4 58. b6 Kb5 59. Ke5 Nxb6
60. Nf6 Kc4 61. Ne4 Nc8 62. Nd2+ Kb4 63. Kd4 b5 64. Ne4 Ka3 65. Kc5 b4 66. Nd2
Ka4 67. Kc4 Nb6+ 68. Kd3 Ka3 69. Kd4 Nd7 70. Nb1+ Ka4 71. Nc3+ Ka3 72. Nb1+ Kb3
73. Nd2+ Ka4 74. Kd3 Nc5+ 75. Kc2 Ka3 76. Kb1 Ne6 77. Nc4+ Kb3 78. Na5+ Ka4 79.
Nc6 b3 80. Kb2 Nc5 81. Nd4 Nd3+ 82. Kb1 b2 83. Nf5 Kb3 84. Ne3 Nf2 85. Nd1 1/2-1/2

[Event "World Rapid 2017"]
[Site "Riyadh KSA"]
[Date "2017.12.28"]
[Round "15.38"]
[White "Mchedlishvili, Mikheil"]
[Black "Fedorchuk, Sergey A."]
[Result "1/2-1/2"]
[WhiteTitle "GM"]
[BlackTitle "GM"]
[WhiteElo "2603"]
[BlackElo "2648"]
[WhiteFideId "13600966"]
[BlackFideId "14102536"]
[EventDate "2017.12.26"]

1. d4 Nf6 2. Bg5 e6 3. e4 h6 4. Bxf6 Qxf6 5. c3 d5 6. Nd2 Qd8 7. Ngf3 c5 8. Bb5+
Bd7 9. Bxd7+ Nxd7 10. exd5 exd5 11. O-O Be7 12. dxc5 Nxc5 13. Nb3 Ne4 14. Qd3
O-O 15. Rad1 Nf6 16. Nfd4 Re8 17. Nf5 Qc7 18. Qg3 Qxg3 19. hxg3 Bd8 20. Nd6 Re2
21. Rd2 Rxd2 22. Nxd2 Bb6 23. Nb3 Ne4 24. Nxe4 dxe4 25. Rd1 Re8 26. Kf1 f5 27.
Rd7 e3 28. Nd4 exf2 29. Kxf2 Re4 30. Kf3 Bxd4 31. cxd4 b5 32. b4 g5 33. a3 a6
34. Rd6 Kg7 35. d5 a5 36. bxa5 Ra4 37. a6 Rxa3+ 38. Kf2 h5 39. Rb6 Kf7 40. d6
Ke6 41. d7+ Kxd7 42. Rxb5 Ke6 43. Rb6+ 1/2-1/2

[Event "World Rapid 2017"]
[Site "Riyadh KSA"]
[Date "2017.12.28"]
[Round "15.39"]
[White "Li, Chao b"]
[Black "Laznicka, Viktor"]
[Result "0-1"]
[WhiteTitle "GM"]
[BlackTitle "GM"]
[WhiteElo "2732"]
[BlackElo "2647"]
[WhiteFideId "8604436"]
[BlackFideId "316385"]
[EventDate "2017.12.26"]

1. e4 c6 2. c4 d5 3. exd5 cxd5 4. cxd5 Nf6 5. Nf3 Nxd5 6. Nc3 Nc6 7. Bb5 g6 8.
Qa4 Nb6 9. Bxc6+ bxc6 10. Qxc6+ Bd7 11. Qe4 Bg7 12. O-O Rc8 13. Re1 Bc6 14. Qe2
O-O 15. Ne5 Ba8 16. d3 Nd5 17. Bd2 Nb4 18. Bf4 f6 19. Rad1 fxe5 20. Bxe5 Nd5 21.
Bxg7 Kxg7 22. Qe5+ Kg8 23. Ne4 Nf4 24. Qb5 Qd5 25. Qb4 Qd7 26. f3 e6 27. d4 Rc2
28. Rd2 Rxd2 29. Qxd2 e5 30. dxe5 Qxd2 31. Nxd2 Rc8 32. Ne4 Bxe4 33. Rxe4 Rc1+
34. Kf2 Rc2+ 35. Kg3 g5 36. Kg4 Rxg2+ 37. Kf5 Ng6 38. Rb4 Rf2 39. Rb8+ Kg7 40.
Kxg5 Nxe5 41. Rb7+ Nf7+ 42. Kg4 Rxh2 43. Rxa7 Rxb2 44. a4 Rg2+ 45. Kf5 h5 46.
Rb7 h4 47. Rb4 Rg5+ 48. Ke6 Rg6+ 49. Ke7 Nd6 50. Kd7 h3 51. Rh4 Rh6 52. Rg4+ Kf6
53. Rg1 h2 54. Rh1 Nf5 55. a5 Ng3 0-1

[Event "World Rapid 2017"]
[Site "Riyadh KSA"]
[Date "2017.12.28"]
[Round "15.40"]
[White "Ponomariov, Ruslan"]
[Black "Ni, Hua"]
[Result "1-0"]
[WhiteTitle "GM"]
[BlackTitle "GM"]
[WhiteElo "2694"]
[BlackElo "2671"]
[WhiteFideId "14103320"]
[BlackFideId "8601160"]
[EventDate "2017.12.26"]

1. e4 e5 2. Nf3 Nf6 3. Nxe5 d6 4. Nf3 Nxe4 5. Nc3 Nxc3 6. dxc3 Be7 7. Be3 O-O 8.
Bd3 Nd7 9. Qe2 Nc5 10. Bc4 d5 11. Bd3 Nxd3+ 12. Qxd3 c5 13. h4 h6 14. O-O-O Be6
15. Rdg1 Qa5 16. a3 Rfc8 17. Bd2 Qa4 18. g4 Qe4 19. h5 Qxd3 20. cxd3 f6 21. Nh4
Kf7 22. f4 d4 23. c4 b5 24. b3 bxc4 25. bxc4 Rab8 26. g5 Rb3 27. gxh6 gxh6 28.
f5 Bd7 29. Bxh6 Rg8 30. Rxg8 Kxg8 31. Bf4 Rxd3 32. Ng6 Rxa3 33. Nxe7+ Kh7 34.
Kb2 Rf3 35. Bd6 Rf2+ 36. Ka1 d3 37. Bxc5 Rc2 38. Rd1 Rxc4 39. Rxd3 Bb5 40. Ba3
Rh4 41. Rd6 Kg7 42. Bb2 Rxh5 43. Rxf6 Rh1+ 44. Ka2 Bc4+ 45. Ka3 Rh3+ 46. Kb4
Rb3+ 47. Kxc4 Rxb2 48. Ra6 Rf2 49. Rxa7 Kf6 50. Nd5+ Ke5 51. Re7+ Kd6 52. Re6+
Kd7 53. Rf6 1-0

[Event "World Rapid 2017"]
[Site "Riyadh KSA"]
[Date "2017.12.28"]
[Round "15.41"]
[White "Kryvoruchko, Yuriy"]
[Black "Malakhatko, Vadim"]
[Result "0-1"]
[WhiteTitle "GM"]
[BlackTitle "GM"]
[WhiteElo "2689"]
[BlackElo "2542"]
[WhiteFideId "14109182"]
[BlackFideId "14104202"]
[EventDate "2017.12.26"]

1. e4 c5 2. Nf3 e6 3. d4 cxd4 4. Nxd4 Nc6 5. Nc3 Qc7 6. g3 a6 7. Bg2 h5 8. Be3
h4 9. Qd2 Ne5 10. O-O-O Nc4 11. Qd3 Nxe3 12. Qxe3 h3 13. Bf3 d6 14. Be2 b5 15.
a3 Nf6 16. f4 Bb7 17. g4 Nd7 18. g5 e5 19. fxe5 Nxe5 20. Nf3 Be7 21. Nxe5 dxe5
22. Bg4 Qc5 23. Bd7+ Kf8 24. Qg3 g6 25. Rhf1 Rh5 26. Be6 Bxg5+ 27. Qxg5 Rxg5 28.
Rxf7+ Ke8 29. Rxb7 Rg1 30. Rh7 Qe3+ 31. Kb1 Rxd1+ 32. Nxd1 Qg1 33. Kc1 Rd8 34.
Bf7+ Kf8 35. Bd5 Qxh2 36. c4 bxc4 37. Rh8+ Ke7 38. Rh7+ Kf6 39. Rf7+ Kg5 40. Nf2
Qg3 0-1

[Event "World Rapid 2017"]
[Site "Riyadh KSA"]
[Date "2017.12.28"]
[Round "15.42"]
[White "Petrosian, Tigran L."]
[Black "Andriasian, Zaven"]
[Result "1/2-1/2"]
[WhiteTitle "GM"]
[BlackTitle "GM"]
[WhiteElo "2601"]
[BlackElo "2585"]
[WhiteFideId "13301616"]
[BlackFideId "13302000"]
[EventDate "2017.12.26"]

1. Nf3 d5 2. g3 Bg4 3. Bg2 Nd7 4. O-O c6 5. h3 Bh5 6. d3 Ngf6 7. Nbd2 e5 8. e4
Bd6 9. Qe1 O-O 10. b3 Re8 11. Bb2 a5 12. a3 Qc7 13. Nh4 dxe4 14. dxe4 b5 15. Nf5
Bf8 16. Bf3 Bxf3 17. Nxf3 g6 18. N5h4 a4 19. Nd2 axb3 20. cxb3 Nc5 21. Nhf3 Nd3
22. Qb1 Rad8 23. b4 c5 24. Bc3 cxb4 25. Bxb4 Nxb4 26. axb4 Qc3 27. Rc1 Qxb4 28.
Ra2 Qxb1 29. Rxb1 b4 30. Ra5 Bh6 31. Nc4 Nxe4 32. Rxb4 Bf8 33. Rb2 f6 34. Nfd2
Nxd2 35. Nxd2 Rxd2 36. Rxd2 Bb4 37. Rda2 Bxa5 38. Rxa5 g5 39. Ra7 Rf8 40. f4 Rf7
41. Ra8+ Kg7 42. Re8 exf4 43. gxf4 gxf4 44. Re4 Ra7 45. Rxf4 Ra2 46. Rg4+ Kf7
47. Rh4 Kg6 48. Rg4+ Kh5 49. Rf4 Kg5 50. Rg4+ Kf5 51. Rh4 Ra7 52. Kg2 Ke5 53.
Kf3 f5 54. Rh6 Rg7 55. Ra6 Rd7 56. Rh6 Ra7 57. Rh4 Rb7 58. Rh6 Rb3+ 59. Kf2 Ke4
60. Rxh7 Rb2+ 61. Kg1 Kf3 62. Ra7 Rb3 63. h4 f4 64. h5 1/2-1/2

[Event "World Rapid 2017"]
[Site "Riyadh KSA"]
[Date "2017.12.28"]
[Round "15.43"]
[White "McShane, Luke J"]
[Black "Sethuraman, S.P."]
[Result "1-0"]
[WhiteTitle "GM"]
[BlackTitle "GM"]
[WhiteElo "2640"]
[BlackElo "2646"]
[WhiteFideId "404853"]
[BlackFideId "5021596"]
[EventDate "2017.12.26"]

1. e4 e5 2. Nf3 Nc6 3. Bc4 Bc5 4. c3 Nf6 5. d3 O-O 6. O-O d5 7. exd5 Nxd5 8. Re1
Bg4 9. h3 Bh5 10. g4 Bg6 11. Nxe5 Nxe5 12. Rxe5 c6 13. Qf3 Bd6 14. Re1 Kh8 15.
Bxd5 cxd5 16. Bf4 d4 17. cxd4 Bb4 18. Nc3 Qxd4 19. h4 f5 20. g5 Bh5 21. Qg3 Rad8
22. Re3 Bc5 23. Rae1 Qb4 24. Re6 Rd4 25. a3 Qxb2 26. Ne2 Ra4 27. Be5 Qa2 28. Nf4
Bf7 29. Rh6 Kg8 30. g6 hxg6 31. Nxg6 Bxf2+ 32. Kf1 Bxg6 33. Qxg6 Rg4 34. Qh7+
Kf7 35. Qxf5+ Kg8 36. Rh8+ Kxh8 37. Qxf8+ Kh7 38. Qf5+ 1-0

[Event "World Rapid 2017"]
[Site "Riyadh KSA"]
[Date "2017.12.28"]
[Round "15.44"]
[White "Khismatullin, Denis"]
[Black "Minko, Vladimir"]
[Result "1-0"]
[WhiteTitle "GM"]
[BlackTitle "IM"]
[WhiteElo "2632"]
[BlackElo "2381"]
[WhiteFideId "4142578"]
[BlackFideId "24146706"]
[EventDate "2017.12.26"]

1. Nf3 c5 2. c4 Nc6 3. d4 cxd4 4. Nxd4 Nf6 5. Nc3 Qb6 6. Nb3 e6 7. e4 Bb4 8. Bd3
O-O 9. O-O Bxc3 10. bxc3 d6 11. Be3 Qc7 12. f4 b6 13. g4 Re8 14. g5 Nd7 15. Qh5
Nf8 16. Rf3 Ne7 17. Raf1 Bb7 18. Bd4 Neg6 19. Bxg7 Kxg7 20. f5 exf5 21. exf5
Bxf3 22. Qh6+ Kh8 23. f6 Ne6 24. Rxf3 Rg8 25. Qxh7+ 1-0

[Event "World Rapid 2017"]
[Site "Riyadh KSA"]
[Date "2017.12.28"]
[Round "15.45"]
[White "Halkias, Stelios"]
[Black "Bocharov, Dmitry"]
[Result "1-0"]
[WhiteTitle "GM"]
[BlackTitle "GM"]
[WhiteElo "2571"]
[BlackElo "2583"]
[WhiteFideId "4201809"]
[BlackFideId "4138716"]
[EventDate "2017.12.26"]

1. Nf3 g6 2. d4 Bg7 3. c4 d6 4. Nc3 Nf6 5. g3 O-O 6. Bg2 Nc6 7. O-O e5 8. dxe5
dxe5 9. Bg5 Qxd1 10. Rfxd1 h6 11. Be3 Kh7 12. h3 Be6 13. b3 Rfd8 14. Nd2 Nd7 15.
Nb5 Rdc8 16. Bxc6 bxc6 17. Nxa7 Re8 18. Nxc6 f5 19. f3 Bf8 20. b4 Ra3 21. Nb3 f4
22. gxf4 Bxh3 23. Kf2 e4 24. c5 exf3 25. exf3 Nf6 26. Ne5 Be6 27. Nd4 Bg8 28.
Nb5 Ra4 29. a3 c6 30. Nd6 Rea8 31. Ne4 Nd5 32. Nxc6 Nxe3 33. Kxe3 Rxa3+ 34. Rxa3
Rxa3+ 35. Rd3 Ra1 36. Rd7+ Kh8 37. Ne5 Ra3+ 38. Kf2 1-0